书目信息 |
| 题名: |
架子工
|
|
| 作者: | 袁锐文 主编 | |
| 分册: | ||
| 出版信息: | 南京 江苏凤凰科学技术出版社 2020.7 |
|
| 页数: | 149页 | |
| 开本: | 21cm | |
| 丛书名: | 建筑工程施工现场岗位技能五步上岗系列 | |
| 单 册: | ||
| 中图分类: | TU731.2 | |
| 科图分类: | ||
| 主题词: | 脚手架--工程施工--技术培训--教材 | |
| 电子资源: | ||
| ISBN: | 978-7-5537-6867-0 | |
| 000 | 00973nam0 2200289 45 | |
| 001 | 012001000396 | |
| 005 | 20140911140257.0 | |
| 010 | @a978-7-5537-6867-0@dCNY25.00 | |
| 090 | @aTU73@byrw | |
| 096 | @aTU73@byrw | |
| 100 | @a20160908d2016 em y0chiy50 ea | |
| 101 | 0 | @achi |
| 102 | @aCN@b320000 | |
| 105 | @aa z 000yy | |
| 106 | @ar | |
| 200 | 1 | @a架子工@Ajia zi gong@f袁锐文主编 |
| 210 | @a南京@c江苏凤凰科学技术出版社@d2020.7 | |
| 215 | @a149页@c图@d21cm | |
| 225 | 1 | @a建筑工程施工现场岗位技能五步上岗系列 |
| 304 | @a北京土木建筑学会组织编写 | |
| 330 | @a本书将架子工上岗分为五步:第一步——确保上岗资格;第二步——遵守行业规范;第三步——熟悉材料工具;第四步——掌握施工技术;第五步——保障施工安全。 | |
| 461 | 0 | @12001 @a建筑工程施工现场岗位技能五步上岗系列 |
| 606 | 0 | @a脚手架@x工程施工@x技术培训@j教材 |
| 690 | @aTU731.2@v5 | |
| 701 | 0 | @a袁锐文@Ayuan rui wen@4主编 |
| 801 | 0 | @aCN@bBJSDL@c20211011 |
| 905 | @b1331392-5@dTU731.2@e1844@f4 | |
| 架子工/袁锐文主编.-南京:江苏凤凰科学技术出版社,2020.7 |
| 149页:图;21cm.-(建筑工程施工现场岗位技能五步上岗系列) |
| ISBN 978-7-5537-6867-0:CNY25.00 |
| 本书将架子工上岗分为五步:第一步——确保上岗资格;第二步——遵守行业规范;第三步——熟悉材料工具;第四步——掌握施工技术;第五步——保障施工安全。 |
| ● |
| 相关链接 |
|
|
|
|
正题名:架子工
索取号:TU731.2/1844
 
预约/预借
| 序号 | 登录号 | 条形码 | 馆藏地/架位号 | 状态 | 备注 |
| 1 | 1331392 | 213313920 | 第二样本阅览室/ [索取号:TU731.2/1844] | 在馆 | |
| 2 | 1331393 | 213313939 | 第三借阅区/ [索取号:TU731.2/1844] | 在馆 | |
| 3 | 1331394 | 213313948 | 第三借阅区/ [索取号:TU731.2/1844] | 在馆 | |
| 4 | 1331395 | 213313957 | 第三借阅区/ [索取号:TU731.2/1844] | 在馆 |